Papers. (Record no. 86593)

MARC details
000 -LEADER
fixed length control field 01172nam a2200289 4500
001 - CONTROL NUMBER
control field sa 68015659
003 - CONTROL NUMBER IDENTIFIER
control field DLC
005 - DATE AND TIME OF LATEST TRANSACTION
control field 20260227112645.0
008 - FIXED-LENGTH DATA ELEMENTS--GENERAL INFORMATION
fixed length control field 700408s1967 pk ab 100 0 eng
010 ## - LIBRARY OF CONGRESS CONTROL NUMBER
LC control number sa 68015659
025 ## - OVERSEAS ACQUISITION NUMBER
Overseas acquisition number PL480:P-E-1501
040 ## - CATALOGING SOURCE
Original cataloging agency DLC
Transcribing agency DLC
Modifying agency DLC
050 00 - LIBRARY OF CONGRESS CALL NUMBER
Classification number S471.P16
Item number S4 1965
082 00 - DEWEY DECIMAL CLASSIFICATION NUMBER
Classification number 630/.9549
111 2# - MAIN ENTRY--MEETING NAME
Meeting name or jurisdiction name as entry element Seminar on Food Production and Consumption in Pakistan,
Location of meeting West Pakistan Agricultural University,
Date of meeting or treaty signing 1965.
245 00 - TITLE STATEMENT
Title Papers.
260 ## - PUBLICATION, DISTRIBUTION, ETC.
Place of publication, distribution, etc. [Lyallpur,
Name of publisher, distributor, etc. Printed at WPAU Press,
Date of publication, distribution, etc. 1967]
300 ## - PHYSICAL DESCRIPTION
Extent 2 v.
Other physical details illus., maps.
Dimensions 24 cm.
350 ## - PRICE (NR) (BK AM CF MU VM SE) [OBSOLETE]
Price 10.00
500 ## - GENERAL NOTE
General note At head of title: Agriculture.
500 ## - GENERAL NOTE
General note "Organised by the Faculty of Agriculture, West Pakistan Agricultural University, Lyallpur."
500 ## - GENERAL NOTE
General note Sections numbered consecutively.
505 0# - FORMATTED CONTENTS NOTE
Formatted contents note v. 1, section 1. Papers relating to food of plant origin.--v. 2, section 2. Papers relating to food of animal origin; section. 3. Papers relating to nutrition and technology.
650 #0 - SUBJECT ADDED ENTRY--TOPICAL TERM
Topical term or geographic name entry element Agriculture
Geographic subdivision Pakistan
General subdivision Congresses.
650 #0 - SUBJECT ADDED ENTRY--TOPICAL TERM
Topical term or geographic name entry element Food supply
Geographic subdivision Pakistan
General subdivision Congresses.
710 2# - ADDED ENTRY--CORPORATE NAME
Corporate name or jurisdiction name as entry element West Pakistan Agricultural University.
Subordinate unit Faculty of Agriculture.

No items available.

Powered by Koha